ORGANIZATIONAL BEHAVIOUR (Record no. 4437)

MARC details
000 -LEADER
fixed length control field 00337nam a22001457a 4500
008 - FIXED-LENGTH DATA ELEMENTS--GENERAL INFORMATION
fixed length control field 250806b |||||||| |||| 00| 0 eng d
020 ## - INTERNATIONAL STANDARD BOOK NUMBER
ISBN 0256225125
100 ## - MAIN ENTRY--AUTHOR
Author KREITNER ROBERT
245 ## - TITLE STATEMENT
Title ORGANIZATIONAL BEHAVIOUR
250 ## - EDITION STATEMENT
Edition statement 4th
260 ## - PUBLICATION, DISTRIBUTION, ETC. (IMPRINT)
Place of publication USA
Name of publisher MC GRAW HILL
Date of publication 1998
300 ## - COLLATION
Pagination 655p.
942 ## - ADDED ENTRY ELEMENTS (KOHA)
Item type Books
050 ## - LIBRARY OF CONGRESS CALL NUMBER
Classification number HD 58.7
Item number .K74
Holdings
Source of classification or shelving scheme Not for loan Permanent location Current location Date acquired Accession No. Full call number Barcode. Koha item type
Library of Congress Classification   Samuel Ogbemudia Main Library, University of Abuja Samuel Ogbemudia Main Library, University of Abuja 08/06/2025 2008/36038 HD 58.7.K74 2025-3213 Books